The Elizabethan puritan movement / (Record no. 41738)
[ view plain ]
| 000 -LEADER | |
|---|---|
| fixed length control field | 00910cam a22002771 4500 |
| 001 - CONTROL NUMBER | |
| control field | 722144 |
| 005 - DATE AND TIME OF LATEST TRANSACTION | |
| control field | 20180430163228.0 |
| 008 - FIXED-LENGTH DATA ELEMENTS--GENERAL INFORMATION | |
| fixed length control field | 740410s1967 caub b 00000 eng |
| 010 ## - LIBRARY OF CONGRESS CONTROL NUMBER | |
| LC control number | 67012298 |
| 035 ## - SYSTEM CONTROL NUMBER | |
| System control number | (OCoLC)00399152 |
| 040 ## - CATALOGING SOURCE | |
| Original cataloging agency | DLC |
| Transcribing agency | DLC |
| Modifying agency | TXA |
| -- | UtOrBLW |
| 043 ## - GEOGRAPHIC AREA CODE | |
| Geographic area code | e-uk--- |
| -- | e-uk-en |
| 049 ## - LOCAL HOLDINGS (OCLC) | |
| Holding library | TXAM |
| Copy statement | [469836] |
| 100 1# - MAIN ENTRY--PERSONAL NAME | |
| Personal name | Collinson, Patrick. |
| 245 14 - TITLE STATEMENT | |
| Title | The Elizabethan puritan movement / |
| Statement of responsibility, etc | Patrick Collinson. |
| 260 ## - PUBLICATION, DISTRIBUTION, ETC. (IMPRINT) | |
| Place of publication, distribution, etc | Berkeley : |
| Name of publisher, distributor, etc | University of California Press, |
| Date of publication, distribution, etc | c1967. |
| 300 ## - PHYSICAL DESCRIPTION | |
| Extent | 527 pages : |
| Other physical details | map (on lining papers) ; |
| Dimensions | 23 cm. |
| 336 ## - CONTENT TYPE | |
| Content Type Term | text |
| 337 ## - MEDIA TYPE | |
| Media Type Term | unmediated |
| 338 ## - CARRIER TYPE | |
| Carrier Type Term | volume |
| 504 ## - BIBLIOGRAPHY, ETC. NOTE | |
| Bibliography, etc | Bibliographical references included in "Notes and references" (pages 471-504). |
| 650 #0 - SUBJECT ADDED ENTRY--TOPICAL TERM | |
| Topical term or geographic name as entry element | Puritans |
| Geographic subdivision | England. |
| 651 #0 - SUBJECT ADDED ENTRY--GEOGRAPHIC NAME | |
| Geographic name | Great Britain |
| General subdivision | Politics and government |
| Chronological subdivision | 1558-1603. |
| 651 #0 - SUBJECT ADDED ENTRY--GEOGRAPHIC NAME | |
| Geographic name | Great Britain |
| General subdivision | Church history |
| Chronological subdivision | 16th century. |
| 942 ## - ADDED ENTRY ELEMENTS (KOHA) | |
| Source of classification or shelving scheme | Library of Congress Classification |
| Item type | Books |
| Withdrawn status | Lost status | Source of classification or shelving scheme | Damaged status | Not for loan | Home library | Current library | Shelving location | Date acquired | Source of acquisition | Inventory number | Total Checkouts | Full call number | Barcode | Date last seen | Price effective from | Koha item type |
|---|---|---|---|---|---|---|---|---|---|---|---|---|---|---|---|---|
| Library of Congress Classification | BSOP Library | BSOP Library | GC | 04/30/2018 | 40800 | DA356 C69 1967 | 00051800 | 04/30/2018 | 04/30/2018 | Books |
